Red Hot Chili Peppers Track & Album List - Statistics

General Stats
  • This quiz has been taken 1,030 times
  • The average score is 57 of 179
Answer Stats
Hint Track or Album Name % Correct
6 | Album Californication
94%
1 | Album By the Way
87%
4 | Album Stadium Arcadium
83%
11 Under the Bridge
83%
10 | Album Blood Sugar Sex Magik
82%
3 Scar Tissue
79%
1 Dani California
76%
7 Can't Stop
75%
2 Snow (Hey Oh)
75%
4 Otherside
73%
9 Give It Away
70%
1 Around the World
68%
Album Mother's Milk
66%
10 | Album One Hot Minute
64%
1 | Album The Getaway
63%
5 Suck My Kiss
59%
2 Aeroplane
58%
15 Road Trippin
58%
Album I'm With You
57%
2 Parallel Universe
57%
Album The Red Hot Chili Peppers
57%
6 The Zephyr Song
56%
2 Dark Necessities
54%
6 | Album Freaky Styley
54%
3 Breaking the Girl
52%
3 Charlie
52%
4 Dosed
51%
4 My Friends
51%
7 If
50%
2 Higher Ground
49%
11 Cabron
48%
5 Get on Top
48%
2 Universally Speaking
48%
8 Porcelain
47%
2 Tell Me Baby
47%
13 Wet Sand
47%
16 Venice Queen
46%
5 Hump de Bump
44%
7 Easily
43%
Album The Uplift Mofo Party Plan
43%
10 Throw Away Your Television
43%
9 Emit Remmus
42%
12 Tear
42%
11 This Velvet Glove
42%
6 I Could Have Lied
41%
13 Purple Stain
41%
6 She's Only 18
41%
16 Sir Psycho Sexy
40%
7 Slow Cheetah
40%
4 Funky Monks
39%
1 The Power of Equality
39%
5 Don't Forget Me
38%
7 Go Robot
38%
14 Hey
38%
10 I Like Dirt
38%
7 The Adventures of Rain Dance Maggie
38%
14 Right on Time
36%
2 If You Have to Ask
35%
6 Pea
35%
17 They're Red Hot
35%
3 This Is the Place
35%
1 Desecration Smile
34%
8 I Could Die for You
34%
13 On Mercury
34%
13 Apache Rose Peacock
33%
3 Me and My Friends
33%
6 Knock Me Down
32%
CD Mars
32%
10 Especially in Michigan
31%
CD Jupiter
31%
9 Midnight
31%
12 Savior
31%
6 Sick Love
31%
1 Warped
31%
1 True Men Dont Kill Coyotes
29%
5 Goodbye Angels
28%
7 Mellowship Slinky in B Major
27%
12 Naked in the Rain
27%
8 Out In L.A.
27%
3 Brendan's Death Song
26%
3 Hard to Concentrate
26%
6 Look Around
26%
14 Minor Thing
26%
1 Monarchy of Roses
26%
11 Storm in a Teacup
26%
5 Coffee Shop
25%
9 Strip My Mind
25%
8 Torture Me
25%
11 Warlocks
25%
15 Warm Tape
24%
15 My Lovely Man
23%
6 Readymade
23%
14 The Greeting Song
23%
11 Encore
22%
9 Animal Bar
21%
11 Catholic School Girls Rule
21%
13 Dreams of a Samurai
21%
4 Get Up and Jump
21%
11 Police Station
21%
9 Tearjerker
21%
9 Detroit
20%
4 Ethiopia
20%
1 Fight Like a Brave
20%
10 Pretty Little Ditty
20%
4 The Longest Wave
20%
6 Behind the Sun
19%
1 Good Time Boys
19%
9 Police Helicopter
19%
3 Subway to Venus
19%
3 We Turn Red
19%
14 Yertle the Turtle
19%
4 21st Century
18%
4 Magic Johnson
18%
8 Make You Feel Better
18%
5 She Looks to Me
18%
8 The Righteous and the Wicked
18%
8 Walkabout
18%
2 Factory of Faith
17%
9 Fire
17%
12 Sexy Mexican Maid
17%
7 Taste the Pain
16%
13 Turn It Again
16%
5 Annie Wants a Baby
15%
12 C'mon Girl
15%
2 Hollywood (Africa)
15%
1 Jungle Man
15%
10 So Much I
15%
12 The Hunter
15%
10 This Ticonderoga
15%
14 Dance, Dance, Dance
14%
3 Deep Kick
14%
12 Even You Brutus?
14%
13 Johnny, Kick a Hole in the Sky
14%
13 Meet Me At the Corner
14%
7 Mommy, Where's Daddy?
14%
5 Nobody Weird Like Me
14%
6 Green Heaven
13%
7 One Big Mob
13%
8 Stone Cold Bush
13%
13 Transcending
13%
3 American Ghost Dance
12%
4 Backwoods
12%
8 Did I Let You Know
12%
8 Feasting on the Flowers
12%
4 If You Want Me to Stay
12%
12 Sex Rap
12%
12 We Believe
12%
12 Shallow Be Thy Game
11%
8 Party on Your Pussy
10%
11 Punk Rock Classic
10%
9 Goodbye Hooray
9%
11 Grand Pappy Du Plenty
9%
10 Happiness Loves Company
9%
5 Skinny Sweaty Man
9%
2 Baby Appeal
8%
5 Nevermind
8%
8 The Brothers Cup
8%
11 Falling into Grace
7%
2 Funky Crime
7%
10 You Always Sing the Same
7%
7 Blackeyed Blonde
6%
3 Buckle Down
6%
14 Death of a Martain
6%
11 Love Trilogy
6%
12 Organic Anti-Beat Box Band
6%
7 Subterranean Homesick Blues
6%
13 Thirty Dirty Birds
6%
9 Battleship
4%
10 Walkin' on Down the Road
4%
5 Why Don't You Love Me
4%
10 Lovin' and touchin
3%
9 No Chump Love Sucker
3%
No matching quizzes found
Score Distribution
Percent of People with Each Score
Percentile by Number Answered
Your Score History
You have not taken this quiz